000 01139cam a22002531i 4500
003 SA-RiAUC
005 20250410083739.0
008 250114s1993 su g 000 0 ara c
040 _aJO-IrYU
_bara
_cSA-RiAUC
_erda
082 0 4 _a259
090 _a259
_b ح س ن
100 1 _aالحسني، محمد بن علوي المالكي،
_d1367-1425 هجري
_eمؤلف.
245 1 0 _aمجموع فتاوى ورسائل الإمام السيد علوي المالكي الحسني /
_cجمع وترتيب محمد بن علوي المالكي الحسني.
264 1 _a[مكان النشر غير محدد] :
_b[الناشر غير محدد]،
_c1993
264 3 _aالمدينة المنورة :
_bمطابع الرشيد
300 _a264 صفحة؛
_c24 سم.
336 _aنص
_btxt
_2rdacontent
_3كتاب
337 _aبدون وسيط
_bn
_2rdamedia
338 _aمجلد
_bnc
_2rdacarrier
600 1 7 _aالمالكي، علوي بن عباس بن عبد العزيز،
_d1328-1391 هجري
_xدين
_2aucnm
650 7 _aالفقه الإسلامي
_2aucsh
942 _2ddc
_cBOOK
_n0
949 _aSA-JeALM
_d250114
_uosman123
_n1
999 _c4835
_d4835